000 00169nam a2200073Ia 4500
008 170620s9999 xx 000 0 und d
100 _aRamasmy
245 0 _aEDUCATION & PERSONALITY DEVT.
260 _bAPH
999 _c26111
_d26111